00321nam a2200145Ia 4500100002100000650000800021250000600029366000700035654002000042245005900062260001600121082001800137300000800155546001200163 aVeseghi/Saeed V  aDSP a3 f20 anoise reduction aAdvanced digital signal processing and noise reduction bWileyc2006 a621.3822bVES a453 aENGLISH